The Surveyors' institution (Record no. 116320)

MARC details
000 -LEADER
fixed length control field 00640cam a22002175 4500
001 - CONTROL NUMBER
control field L140431
008 - FIXED-LENGTH DATA ELEMENTS--GENERAL INFORMATION
fixed length control field 070921s1896 xxk eng u
035 ## - SYSTEM CONTROL NUMBER
System control number (Sirsi) u140431
041 0# - LANGUAGE CODE
Language code of text/sound track or separate title eng
100 1# - MAIN ENTRY--PERSONAL NAME
Personal name Waterhouse, A.
245 04 - TITLE STATEMENT
Title The Surveyors' institution
Remainder of title [elevations and sections]
Medium [manuscript]
255 ## - CARTOGRAPHIC MATHEMATICAL DATA
Statement of scale Scale 1:96
260 ## - PUBLICATION, DISTRIBUTION, ETC.
Date of publication, distribution, etc. 1896
300 ## - PHYSICAL DESCRIPTION
Extent 1 sheet
Other physical details copy
Dimensions 51 x 74 cm.
340 ## - PHYSICAL MEDIUM
Material base and configuration Copy
351 ## - ORGANIZATION AND ARRANGEMENT OF MATERIALS
Hierarchical level Single item
500 ## - GENERAL NOTE
General note A copy of a drawing signed 'A. Waterhouse, 17 August 1896', showing elevations and sections of 12 Great George Street.
651 4# - SUBJECT ADDED ENTRY--GEOGRAPHIC NAME
Geographic name London
690 ## - LOCAL SUBJECT ADDED ENTRY--TOPICAL TERM (OCLC, RLIN)
Topical term or geographic name as entry element ABOUT RICS
942 ## - ADDED ENTRY ELEMENTS (KOHA)
Suppress in OPAC 0
Holdings
Withdrawn status Lost status Source of classification or shelving scheme Damaged status Not for loan Home library Current library Shelving location Date acquired Total Checkouts Full call number Barcode Date last seen Copy number Price effective from Koha item type
    Dewey Decimal Classification     Historic collection Historic collection Historic collection 21/09/2007   MAP CABINET DRAWER 1 140431-2001 06/08/2019 1 06/08/2019 Archive